<?xml version="1.0" encoding="UTF-8"?>
<marc:record xmlns:marc="http://www.loc.gov/MARC21/slim">
   <marc:leader>00000nam a2200000 a 4500</marc:leader>
   <marc:datafield ind1="1" ind2=" " tag="100">
      <marc:subfield code="a">Westphalen, Christian</marc:subfield>
      <marc:subfield code="4">aut</marc:subfield>
      <marc:subfield code="e">Verfasser/-in</marc:subfield>
   </marc:datafield>
   <marc:datafield ind1=" " ind2=" " tag="653">
      <marc:subfield code="a">Digitale Fotografie</marc:subfield>
   </marc:datafield>
   <marc:datafield ind1=" " ind2=" " tag="653">
      <marc:subfield code="a">Softcover / Ratgeber/Hobby</marc:subfield>
   </marc:datafield>
   <marc:datafield ind1=" " ind2=" " tag="653">
      <marc:subfield code="a">Haus/Fotografieren</marc:subfield>
   </marc:datafield>
   <marc:datafield ind1=" " ind2=" " tag="653">
      <marc:subfield code="a">Filme</marc:subfield>
   </marc:datafield>
   <marc:datafield ind1=" " ind2=" " tag="653">
      <marc:subfield code="a">Videofilmen</marc:subfield>
   </marc:datafield>
   <marc:datafield ind1=" " ind2=" " tag="653">
      <marc:subfield code="a">Anleitung</marc:subfield>
   </marc:datafield>
   <marc:datafield ind1="0" ind2="0" tag="245">
      <marc:subfield code="a">Die große Fotoschule</marc:subfield>
   </marc:datafield>
   <marc:datafield ind1="0" ind2="0" tag="245">
      <marc:subfield code="b">digitale Fotopraxis ; [DVD-ROM mit Beispielbildern, Software-Testversionen u.v.m.</marc:subfield>
   </marc:datafield>
   <marc:datafield ind1="0" ind2="0" tag="245">
      <marc:subfield code="c">Christian Westphalen</marc:subfield>
   </marc:datafield>
   <marc:datafield ind1=" " ind2="1" tag="264">
      <marc:subfield code="a">Bonn</marc:subfield>
      <marc:subfield code="b">Galileo Press</marc:subfield>
      <marc:subfield code="c">2011</marc:subfield>
   </marc:datafield>
   <marc:datafield ind1="1" ind2=" " tag="490">
      <marc:subfield code="a">Galileo Design</marc:subfield>
   </marc:datafield>
   <marc:datafield ind1=" " ind2=" " tag="250">
      <marc:subfield code="a">1. Aufl.</marc:subfield>
   </marc:datafield>
   <marc:datafield ind1="1" ind2=" " tag="520">
      <marc:subfield code="a">Angaben aus der Verlagsmeldung

Die große Fotoschule : Digitale Fotopraxis / von Christian Westphalen

Das umfassende Handbuch zur digitalen Fotografie – von den technischen Grundlagen bis zur fotografischen Praxis! Dieses Buch bietet Ihnen das vollständige und aktuelle Wissen rund um die Digitalfotografie. Lernen Sie, welche Möglichkeiten die digitale Fotografie bietet und welche Funktionen, Techniken und Regeln Sie sinnvollerweise anwenden sollten, um Ihre Bildideen umzusetzen. Denn die wichtigste Frage in der Digitalfotografie ist immer noch dieselbe wie zu analogen Zeiten: Wie mache ich ein wirkungsvolles Bild? Das Buch liefert eine solide Grundlage zum Verständnis der Digitalfotografie und zeigt die Anwendung der technischen und bildgestalterischen Grundlagen in der täglichen Fotopraxis. Darüber hinaus bekommen Sie Anregungen für die eigene Fotografie, indem die großen Fotogenres umfassend vorgestellt werden. Dieses Buch wird Ihr unverzichtbarer Begleiter für die Digitalfotografie werden, in dem Sie nachschlagen können, und das Ihnen immer wieder neue Anregungen geben kann.
</marc:subfield>
   </marc:datafield>
   <marc:datafield ind1=" " ind2=" " tag="020">
      <marc:subfield code="a">9783836213110</marc:subfield>
      <marc:subfield code="9">9783836213110</marc:subfield>
   </marc:datafield>
   <marc:datafield ind1=" " ind2=" " tag="041">
      <marc:subfield code="a">ger</marc:subfield>
   </marc:datafield>
   <marc:datafield ind1=" " ind2=" " tag="300">
      <marc:subfield code="a">601 S.</marc:subfield>
   </marc:datafield>
</marc:record>
